000 00819cam a2200229 a 4500
001 14420425
005 20180315091740.0
008 060620s2008 njua b 000 0 eng
010 _a 2006019850
020 _a0131714392
040 _aDLC
_cDLC
_dDLC
041 _aeng
080 _a650.1 LYD
082 0 0 _a650.1 LYD
_222
100 1 _a57
101 _aBUS
245 1 0 _aProfessionalism :
_cLydia E. Anderson, Sandra B. Bolt.
504 _aIncludes bibliographical references and index.
906 _a7
_bcbc
_corignew
_d1
_eecip
_f20
_gy-gencatlg
942 _2ddc
_cBK
999 _c45164
_d45164